Statistiques concernant Préfectures et sous-préfectures du Centre-Val de Loire

Cliquez ici pour prendre le quiz!

Statistiques générales

  • Ce quiz a été pris 76 fois
    (74 depuis la dernière actualisation)
  • Le résultat moyen est 13 sur 20

Statistiques - réponses

Answer % Correct
Orléans
100%
Tours
98%
Bourges
96%
Châteauroux
95%
Chartres
93%
Blois
88%
Vierzon
74%
Montargis
67%
Dreux
65%
Vendôme
63%
Romorantin-Lanthenay
53%
Issoudun
53%
Chinon
51%
Pithiviers
51%
Chateaudun
46%
Loches
46%
Nogent-le-Rotrou
42%
Le Blanc
40%
La Châtre
37%
Saint-Amand-Montrond
19%

Distribution des résultats

Percentile by Number Answered

% des personnes avec chaque résultat

Votre développement - résultats

Vous n’avez pas pris ce quiz depuis la dernière actualisation